00684nam a2200193 a 450000100100000000500170001000800410002704000250006808200150009310000320010824500810014026000360022130000210025750000330027870000400031104900090035195201130036099900170047300002552820200930023844.0110217s1989 dr 000 0 spa d aDO-SdBNPbspacBNPHU axxxbG216a1 aGarcía Dubus, Luis92049010aÁnimo en dos minutos /cLuis Gracía Dubus ; prólogo P. Amancio Escapa. aSanto Domingo :bTaller,c1989. a216 p. ;c19 cm. aIncluye índice analítico1 aEscapa, P. Amancio,epról.952178 aBNPD 0010718PDaPDbPDcCTd2011-02-17iLF1l0oxxx G216ap25528-10r2020-06-25w2020-06-25yLFPDZNo se presta c25020d25020